Recuerdos de provincia /

Guardado en:
Autor Principal: Sarmiento, Domingo Faustino
Formato: Libro
Publicado: Estella : Salvat, 1970.
Series:Biblioteca Básica Salvat
Materias:
Etiquetas: Agregar Etiqueta
Sin Etiquetas, Sea el primero en etiquetar este registro!
LEADER 00579nam a22002055a 4500
001 CEM.cems017422
005 20101125143745.0
008 130507s1970##################000#0#####d
003 CEMS
020 |a . 
082 0 4 |a A868.2 
100 1 |a Sarmiento, Domingo Faustino 
245 1 0 |a Recuerdos de provincia /  |c Domingo Faustino Sarmiento 
260 |a Estella :  |b Salvat,  |c 1970. 
300 |a 170 p. 
490 0 |a Biblioteca Básica Salvat 
653 |a Literatura 
653 |a Literatura argentina 
653 |a Narrativa 
859 |a CEMS  |b BIB. CEMS - Agricultura  |h A868.2  |i Sa74  |p A0572.04  |t Ej.1